|
|
|
|
| LEADER |
01138cam a2200301 7i4500 |
| 001 |
0000033353 |
| 005 |
20160509090000.0 |
| 007 |
##ta |
| 008 |
160509s2015 -uk eng |
| 020 |
# |
# |
|a 9781107503885 (pbk.)
|
| 040 |
# |
# |
|a StDuBDS
|
| 090 |
0 |
0 |
|a ASEA 337.159
|b NGU
|
| 100 |
1 |
# |
|a Nguitragool, Paruedee
|e author
|
| 245 |
1 |
0 |
|a ASEAN as an Actor in International Fora :
|b Reality, Potential and Constraints
|c Paruedee Nguitragool and Jurgen Ruland..
|
| 264 |
# |
4 |
|a ♭2015.
|
| 264 |
# |
1 |
|a Cambridge:
|b Cambridge University Press,
|c 2015.
|
| 300 |
# |
# |
|a xxv, 330 pages;
|c 22 cm..
|
| 336 |
# |
# |
|a text
|2 rdacontent
|
| 337 |
# |
# |
|a unmediated
|2 rdamedia
|
| 338 |
# |
# |
|a volume
|2 rdacarrier
|
| 490 |
0 |
# |
|a Integration through law : the role of law and the rule of law in asean integration;
|v 7
|
| 504 |
# |
# |
|a Includes bibliographical references (pages 280-311) and index.
|
| 650 |
# |
0 |
|a Negotiation --
|z Southeast Asia
|
| 650 |
# |
0 |
|a Regionalism --
|z Southeast Asia
|
| 650 |
# |
0 |
|a ASEAN
|
| 651 |
# |
0 |
|a Southeast Asia --
|x Economic integration
|
| 700 |
1 |
# |
|a Ruland, Jurgen
|
| 999 |
|
|
|a B000037510
|b Book
|c Regions
|e Business Information Centre
|